000 01143nam0a22002651 4500
001 RU\NLR\INFOCOMM_195\5000070855
005 20260406110634.0
035 _a(NLR Aleph) 009374984
090 _a7946278
_c7946278
100 _a20101226d1990 |||y0rusy50 ca
101 0 _ager
102 _aRU
105 _ay ||||000|y
200 1 _aPolitischer Rechenschaftsbericht des ZK der KPdSU an den XXVIII. Parteitag der KPdSU und Aufgaben der Partei, Moskau, Kreml, 2. Juli 1990
_fMichail Gorbatschow
210 _aM.
_cNovosti
_d1990
215 _a48 с.
_d19 см
300 _aНа обороте тит. л.: Политический отчет ЦК КПСС XXVIII съезду КПСС и задачи партии: Экспресс-выпуск / Михаил Сергеевич Горбачев
686 _aФ61(2)274-11"1990"
_2rubbk
700 1 _4070
_8rus
_7ba
_aGorbačev
_bM. S.
_cгос. деятель
_f1931-2022
_gMichail Sergeevič
_3RU\NLR\AUTH\77110387
_993312
790 1 _9z01700
_aGorbatschow
_bM.
_gMichail
_4070
801 1 _aRU
_bNLR
_c20101226
801 0 _aRU
_bNLR
_gPSBO
852 _aNLR
_jИп31 Д-4/162
942 _cBOOK
980 _aNB